| 000 | 00446cam a2200169ua 4500 | ||
|---|---|---|---|
| 041 |
_aeng _h |
||
| 082 |
_a954 _bNAR/HI |
||
| 100 | _aNarendra krishna Sinha, . | ||
| 245 |
_aHistory of India / _cNarendra krishna Sinha. _hTextual Documents |
||
| 250 |
_a8 / _b. |
||
| 260 |
_aCalcutta : _bA.Mukheree & co.Private ltd , _c1967. |
||
| 300 | _a698 ; . | ||
| 504 | _a | ||
| 700 | 1 | _aAnil chandra , Banerjee . | |
| 942 | _cBK | ||
| 999 |
_c696 _d696 |
||